| 000 | 00475cam a22001934a 4500 | ||
|---|---|---|---|
| 005 | 20250605164326.0 | ||
| 008 | 250528s ||||||||||||||||||||||||d | ||
| 035 | _a23029 | ||
| 020 | _a9780521528061 | ||
| 040 |
_aGR-AtMCL _bgre _dGR-AtMCL _eAACR2 |
||
| 245 | 1 | _aTHE PSYCHOLOGIST'S COMPANION | |
| 250 | _a4 | ||
| 260 |
_bCambridge University Press, _c2005 |
||
| 300 | _a301 | ||
| 700 | 1 |
_aStenberg Robert J _9254 |
|
| 942 | _cBK | ||
| 999 |
_c8070 _d8070 |
||